Statistics for Taylor Swift Songs - Complete list

Click here to take the quiz!

General Stats

  • This quiz has been taken 744 times
    (586 since last reset)
  • The average score is 84 of 115

Answer Stats

HintAnswer% Correct
RedRed
95%
FearlessLove Story
94%
Speak Now (Deluxe Edition)Ours
93%
Taylor SwiftTim McGraw
91%
1989Blank Space
91%
Speak NowSpeak Now
91%
ReputationLook What You Made Me Do
91%
FearlessFearless
91%
1989Shake It Off
90%
Taylor SwiftOur Song
89%
1989Style
89%
Speak NowMine
88%
1989Welcome to New York
88%
Red22
88%
ReputationEnd Game
88%
FearlessYou Belong with Me
88%
1989Bad Blood
87%
Taylor SwiftTeardrops on My Guitar
87%
RedI Knew You Were Trouble
86%
1989Out of the Woods
86%
ReputationDelicate
86%
RedWe Are Never Ever Getting Back Together
86%
Speak NowDear John
85%
Speak NowMean
85%
ReputationGorgeous
85%
Reputation...Ready for It?
85%
1989Clean
84%
RedAll Too Well
84%
1989Wildest Dreams
84%
ReputationGetaway Car
83%
Speak NowSparks Fly
83%
Taylor SwiftPicture to Burn
82%
ReputationDress
82%
Speak NowBack to December
82%
ReputationNew Year's Day
82%
1989 (Deluxe Edition)New Romantics
82%
RedState of Grace
81%
FearlessFifteen
81%
RedStay Stay Stay
81%
ReputationKing Of My Heart
81%
RedEverything Has Changed
81%
Fifty Shades Darker Soundtrack (Zayn)I Don't Wanna Live Forever
81%
1989This Love
81%
The Hunger Games (Soundtrack)Safe & Sound
81%
Speak NowEnchanted
80%
ReputationDon't Blame Me
80%
ReputationThis Is Why We Can't Have Nice Things
80%
FearlessWhite Horse
80%
ReputationI Did Something Bad
80%
ReputationCall It What You Want
79%
1989I Know Places
79%
1989How You Get the Girl
78%
ReputationDancing With Our Hands Tied
78%
Speak NowBetter than Revenge
77%
ReputationSo It Goes...
76%
RedBegin Again
76%
RedHoly Ground
76%
1989 (Deluxe Edition)Wonderland
76%
Speak NowHaunted
76%
RedTreacherous
75%
1989All You Had to Do Was Stay
75%
Speak NowThe Story of Us
75%
FearlessHey Stephen
75%
RonanRonan
74%
Speak NowLast Kiss
74%
Speak NowLong Live
74%
RedThe Last Time
73%
Taylor SwiftMary's Song (Oh My My My)
73%
1989I Wish You Would
73%
FearlessForever and Always
72%
FearlessThe Best Day
72%
Taylor SwiftShould've Said No
71%
Speak NowInnocent
71%
FearlessChange
71%
Hannah Montana: The MovieCrazier
71%
RedSad Beautiful Tragic
70%
RedStarlight
69%
RedThe Lucky One
68%
FearlessBreathe
68%
1989 (Deluxe Edition)You Are in Love
68%
Speak NowNever Grow Up
67%
Taylor SwiftCold as You
66%
The Hunger Games (Soundtrack)Eyes Open
65%
Red (Deluxe Edition)Girl at Home
65%
RedI Almost Do
65%
FearlessYou're Not Sorry
65%
Speak Now (Deluxe Edition)Superman
65%
Red (Deluxe Edition)The Moment I Knew
65%
Red (Deluxe Edition)Come Back... Be Here
64%
Valentines Day (Soundtrack)Today Was a Fairytale
64%
Taylor Swift (Deluxe Edition)I'm Only Me When I'm With You
63%
FearlessThe Way I Loved You
62%
Fearless (Platinum Edition)Jump Then Fall
62%
Speak Now (Deluxe Edition)If This Was a Movie
62%
Taylor SwiftTied Together with a Smile
62%
Taylor SwiftA Place in This World
58%
Taylor SwiftStay Beautiful
58%
Beautiful EyesBeautiful Eyes
56%
Two Lanes of Freedom (Tim Mcgraw)Highway Don't Care
55%
Taylor Swift (Deluxe Edition)Invisible
54%
Strange Clouds (B.o.B)Both of Us
54%
Taylor SwiftThe Outside
54%
Fearless (Platinum Edition)Superstar
53%
FearlessTell Me Why
53%
One Chance (Soundtrack)Sweeter Than Fiction
52%
Fearless (Platinum Edition)The Other Side of the Door
52%
Taylor Swift (Deluxe Edition)A Perfectly Good Heart
50%
Fearless (Platinum Edition)Come in with the Rain
49%
Fearless (Platinum Edition)Untouchable
48%
Beautiful EyesI Heart ?
45%
Love Drunk (Boys Like Girls)Two Is Better Than One
44%
Battle Studies (John Mayer)Half of My Heart
41%
Taylor Swift (Digital Edition)I'd Lie
37%
Holiday CollectionChristmases When You Were Mine
35%
Holiday CollectionChristmas Must Be Something More
32%

Score Distribution

Percentile by Number Answered

Percent of People with Each Score

Your Score History

You have not taken this quiz since the last reset